000 01235nam a2200289 i 4500
003 DO-SdBNP
005 20260518155845.0
007 ta
008 260518e2025 dr ||||gr|||||||| ||spa d
020 _a9789945518627
040 _aDO-SdBNP
_bspa
_cBNPHU
_erda
041 _aspa
082 _a861.1
_bG182a 2025
_222
100 _aGalván, Juan,
_d1956-
_981944
_eautor
245 _aAmor de sal en la ínsula de espuma /
_cJuan Galván. corrección de estilo: Altagracia Díaz.
264 _aSanto Domingo, República Domingo :
_bPublicaciones Libertad/Esdrac Molina Rosa,
_c2025.
300 _a93 páginas ;
_c21 x 13.5 cm.
336 _atexto
_btxt
_2rdacontent
337 _asin mediación
_bn
_2rdamedia
338 _avolumen
_bnc
_2rdacarrier
520 _aEs un poemario donde se presenta los aspectos humanos con belleza y respecto, este libro tiene la facultad de conjugar los más sencillos elementos, haciéndolos crecer en sus propias dimensiones, desde los comunes hasta los sustraídos de la esencia bella de su naturaleza...
650 0 _aPoesía dominicana
_966
650 0 _aLiteractura dominicana
_982576
700 _aDíaz, Altagracia
_989578
_qcorrección de estilo
900 _aWGuzmán
942 _2ddc
_cLBS1
999 _c60778
_d60778